000 nam a22 a 4500
999 _c129753
_d129753
003 BLK
005 20201020151150.0
008 180409b bul|||||r ||||||| ||bul||
010 _aKNG00135496000
040 _aBLK
041 _aRUS
_cRUS
072 7 _2bullib
_aЦ
_xРедки и ценни
080 _aАлманаси. Календари. Отраслови календари се класифицират по тема с определител (059). Вж и 529
_b059
_x(470)
_z059(470)
139 _aВсеобщий календарь на 1884 год (высокосный)
_bВ 88
245 1 0 _aВсеобщий календарь на 1884 год (высокосный)
_bС портр. их императорских величеств и со многими рис.
257 _aRUS
260 _bГерман Гоппе
_c1883
_aС.-Петербург
300 _aVІ, 543, 25 с.
_bс портр., ил., табл.
_c22 см
380 _a0
490 _9435080
_aКолекция Редки и ценни издания
650 4 _aКалендари
_9158145
651 4 _aРусия
_9179465
653 _aкалендари
659 _aЦ
852 _aРр 884
_bРц
856 4 _qpdf
942 _cKNG
_n0
_s1
944 _aCR
_c23.10.2012
_lф / 23.10.2012
_kНаталия_Медовщикова
944 _aED
_c23.10.2012
_lф / 23.10.2012
999 _d129753